02100nam a22002417a 450000500170000000800410001702000180005804000070007604100120008308200200009510000150011524500720013026000270020230000300022936500570025952013950031665000200171165000380173165000210176965000150179065000360180570000170184120221230110054.0221230b ||||| |||| 00| 0 eng d a9780008386597 cAL aEnglish 223a158.1bSHET aJay Shetty aThink Like A Monk : Train Your Mind For Peace and Purpose Every Day aLondonbThorsonsc2020 axix,328 p.bPBc21x14 cm. aVBI-1675b₹374.00c₹d₹499.00e25%f19-12-2022 aJay Shetty, social media superstar and host of the #1 podcast ‘On Purpose’, distils the timeless wisdom he learned as a practising monk into practical steps anyone can take every day to live a less anxious, more meaningful life. Over the past three years, Jay Shetty has become one of the world’s most popular influencers. One of his clips was the most watched video on Facebook last year, with over 360 million views. His social media following totals over 32 million, he has produced over 400 viral videos, which have amassed more than 5 billion views, and his podcast, ‘On Purpose’, is consistently ranked the world’s #1 health-related podcast. In this inspiring, empowering book, Shetty draws on his time as a monk in the Vedic tradition to show us how we can clear the roadblocks to our potential and power. Drawing on ancient wisdom and his own rich experiences in the ashram, “Think Like a Monk” reveals how to overcome negative thoughts and habits, and access the calm and purpose that lie within all of us. The lessons monks learn are profound but often abstract. Shetty transforms them into advice and exercises we can all apply to reduce stress, improve focus, improve relationships, identify our hidden abilities, increase self-discipline and give the gifts we find in ourselves to the world. Shetty proves that everyone can – and should – think like a monk. aConduct of life aHindu monastic and religious life aSelf-realization aMeditation aSelf-actualization (Psychology) aSHETTY (Jay)